|
|
|
|
| LEADER |
00000caa a22000002c 4500 |
| 001 |
1640018123 |
| 003 |
DE-627 |
| 005 |
20220608130846.0 |
| 007 |
tu |
| 008 |
160223s1993 xx ||||| 00| ||ger c |
| 035 |
|
|
|a (DE-627)1640018123
|
| 035 |
|
|
|a (DE-576)456032517
|
| 035 |
|
|
|a (DE-599)BSZ456032517
|
| 040 |
|
|
|a DE-627
|b ger
|c DE-627
|e rakwb
|
| 041 |
|
|
|a ger
|
| 100 |
1 |
|
|a Pfrunder, Martin Lucas
|0 (DE-627)1240887396
|0 (DE-576)170887391
|4 aut
|
| 109 |
|
|
|a Pfrunder, Martin Lucas
|a Pfrunder, Martin L.
|a Pfrunder, M.-L.
|a Pfrunder, Martin-L.
|
| 245 |
1 |
0 |
|a Zur aktuellen Information in: ZfStrVo 6/92, Seite 378/379: Schweizer Häftlinge revoltieren gegen überfüllte Gefängnisse
|c Martin-L Pfrunder
|
| 264 |
|
1 |
|c 1993
|
| 336 |
|
|
|a Text
|b txt
|2 rdacontent
|
| 337 |
|
|
|a ohne Hilfsmittel zu benutzen
|b n
|2 rdamedia
|
| 338 |
|
|
|a Band
|b nc
|2 rdacarrier
|
| 773 |
0 |
8 |
|i In
|t Zeitschrift für Strafvollzug und Straffälligenhilfe
|d Wiesbaden : Ges. für Fortbildung der Strafvollzugsbediensteten, 1975
|g 42(1993), 2, Seite 128
|w (DE-627)130166723
|w (DE-600)519517-2
|w (DE-576)015709817
|x 0342-3514
|7 nnas
|
| 773 |
1 |
8 |
|g volume:42
|g year:1993
|g number:2
|g pages:128
|
| 935 |
|
|
|a mkri
|
| 951 |
|
|
|a AR
|
| ELC |
|
|
|b 1
|
| LOK |
|
|
|0 000 xxxxxcx a22 zn 4500
|
| LOK |
|
|
|0 001 3301256872
|
| LOK |
|
|
|0 003 DE-627
|
| LOK |
|
|
|0 004 1640018123
|
| LOK |
|
|
|0 005 20250620135823
|
| LOK |
|
|
|0 008 160208||||||||||||||||ger|||||||
|
| LOK |
|
|
|0 040
|a DE-21-110
|c DE-627
|d DE-21-110
|
| LOK |
|
|
|0 689
|a s
|a Strafvollzug
|
| LOK |
|
|
|0 689
|a g
|a Schweiz
|
| LOK |
|
|
|0 852
|a DE-21-110
|
| LOK |
|
|
|0 852 1
|m p
|9 00
|
| LOK |
|
|
|0 935
|a k110
|
| LOK |
|
|
|0 938
|k p
|
| LOK |
|
|
|0 939
|a 08-02-16
|b l01
|
| ORI |
|
|
|a SA-MARC-krimdoka001.raw
|